[Event "PNWCC vs Europe Hybrid 08"]
[Site "Chess.com INT"]
[Date "2022.08.21"]
[Round "6"]
[White "Bozic, Stevan"]
[Black "Penagalapati, Abhinav"]
[Result "1-0"]
[WhiteElo "2209"]
[BlackElo "2166"]
[PlyCount "97"]
[EventDate "2022.08.19"]
[EventType "team-match"]
[EventRounds "8"]
[EventCountry "USA"]
[SourceTitle "EXT 2024"]
[Source "ChessBase"]
[SourceDate "2023.10.10"]
[SourceVersion "1"]
[SourceVersionDate "2023.10.10"]
[SourceQuality "1"]
[WhiteTeam "Europe"]
[BlackTeam "PNWCC"]
[BlackTeamCountry "USA"]

1. e4 c5 2. Nf3 d6 3. d4 cxd4 4. Nxd4 Nf6 5. Nc3 Nc6 6. Be2 e5 7. Nb3 Be6 8. 0-0 Be7 9. Be3 0-0 10. Bf3 a6 11. Nd5 Bxd5 12. exd5 Na5 13. Be2 Rc8 14. Nxa5 Qxa5 15. c4 Nd7 16. a3 f5 17. b4 Qc7 18. f3 b6 19. Rc1 Qb7 20. Qb3 Kh8 21. Rfd1 Rc7 22. Rc2 Rfc8 23. Rdc1 Nf6 24. Rd1 h6 25. Rcc1 Nd7 26. Qd3 f4 27. Bf2 a5 28. Qe4 axb4 29. axb4 Bf6 30. Bd3 Nf8 31. Rb1 Qa7 32. Ra1 Qb8 33. Ra6 Rb7 34. Rda1 Qc7 35. c5 bxc5 36. Rc6 Qb8 37. bxc5 Be7 38. Rxc8 Qxc8 39. c6 Rb2 40. Ra7 Bd8 41. Qf5 Qxf5 42. Bxf5 g6 43. Be4 Rd2 44. Kf1 Rd1+ 45. Ke2 Rc1 46. Ra8 Be7 47. Bb6 Kg7 48. c7 Nd7 49. Ba5 1-0

[Event "PNWCC vs Europe Hybrid 08"]
[Site "Chess.com INT"]
[Date "2022.08.19"]
[Round "2"]
[White "Bozic, Stevan"]
[Black "Zaloznyy, Mike"]
[Result "0-1"]
[WhiteElo "2209"]
[BlackElo "2191"]
[PlyCount "136"]
[EventDate "2022.08.19"]
[EventType "team-match"]
[EventRounds "8"]
[EventCountry "USA"]
[SourceTitle "EXT 2024"]
[Source "ChessBase"]
[SourceDate "2023.10.10"]
[SourceVersion "1"]
[SourceVersionDate "2023.10.10"]
[SourceQuality "1"]
[WhiteTeam "Europe"]
[BlackTeam "PNWCC"]
[BlackTeamCountry "USA"]

1. e4 c6 2. d4 d5 3. exd5 cxd5 4. Bd3 Nc6 5. c3 Nf6 6. h3 e5 7. dxe5 Nxe5 8. Bc2 Bd6 9. Nf3 Qe7 10. Nxe5 Qxe5+ 11. Be3 Ne4 12. Qd4 0-0 13. Qxe5 Bxe5 14. 0-0 Be6 15. Rd1 f5 16. f3 Ng3 17. Kf2 Nh5 18. Nd2 f4 19. Bc5 Rfe8 20. Nb3 Bf6 21. Bd4 Bh4+ 22. Kg1 Bd7 23. Bd3 Ba4 24. Rd2 b6 25. Bf2 Bxf2+ 26. Kxf2 Bxb3 27. axb3 Re3 28. Bf1 Ng3 29. Rxd5 Rae8 30. Rd2 Nh1+ 31. Kg1 Ng3 32. Bc4+ Kf8 33. Kf2 R3e5 34. Rad1 b5 35. Bf1 Nh1+ 36. Kg1 Ng3 37. Kf2 Kf7 38. Rd7+ R8e7 39. Rxe7+ Kxe7 40. b4 a6 41. Bd3 Kf6 42. Re1 Rd5 43. Rd1 h6 44. Bc2 Re5 45. Re1 Rd5 46. Rd1 Rxd1 47. Bxd1 Nf5 48. Bb3 Ke5 49. Ke2 h5 50. Kf2 Kf6 51. Bd1 Ne3 52. Be2 h4 53. b3 Nd5 54. c4 bxc4 55. bxc4 Nxb4 56. Ke1 Ke5 57. Kd2 Kd4 58. Kc1 Ke3 59. Bd1 Kf2 60. Kb2 Kxg2 61. Kc3 a5 62. c5 Kxh3 63. Kc4 Kg2 64. Kb5 h3 65. Kxa5 Nc6+ 66. Kb6 Ne5 67. c6 Nxc6 68. Kxc6 h2 0-1

[Event "PNWCC vs Europe Hybrid 08"]
[Site "Chess.com INT"]
[Date "2022.08.19"]
[Round "1"]
[White "Zaloznyy, Mike"]
[Black "Bozic, Stevan"]
[Result "0-1"]
[WhiteElo "2191"]
[BlackElo "2209"]
[PlyCount "110"]
[EventDate "2022.08.19"]
[EventType "team-match"]
[EventRounds "8"]
[EventCountry "USA"]
[SourceTitle "EXT 2024"]
[Source "ChessBase"]
[SourceDate "2023.10.10"]
[SourceVersion "1"]
[SourceVersionDate "2023.10.10"]
[SourceQuality "1"]
[WhiteTeam "PNWCC"]
[BlackTeam "Europe"]
[WhiteTeamCountry "USA"]

1. e4 c5 2. a3 e6 3. b4 cxb4 4. axb4 Bxb4 5. Bb2 Bf8 6. Ra3 d6 7. Rg3 Nf6 8. Nc3 Nc6 9. Nf3 a6 10. d4 d5 11. exd5 exd5 12. Ne5 Be6 13. Nxc6 bxc6 14. Bd3 g6 15. Qe2 Bb4 16. 0-0 0-0 17. h4 Bd6 18. f4 Ne8 19. h5 Qh4 20. Qe1 Qxh5 21. Bc1 Ng7 22. Rg5 Qh6 23. f5 Bxf5 24. Bxf5 Nxf5 25. Rfxf5 Qh2+ 26. Kf2 Rae8 27. Ne2 Re4 28. Qc3 Rfe8 29. Ng3 Re1 30. Bd2 Bxg3+ 31. Qxg3 R1e2+ 32. Kf3 Qxg3+ 33. Kxg3 Rxd2 34. c3 Ree2 35. Kh3 Rxg2 36. Rxg2 Rxg2 37. Rf6 Rc2 38. Rxc6 a5 39. Kg4 h5+ 40. Kf4 Kg7 41. Rc5 a4 42. Rxd5 Rxc3 43. Rd7 h4 44. Rb7 h3 45. Rb2 Kf6 46. Rb6+ Ke7 47. Ke5 Re3+ 48. Kf4 Rb3 49. Rc6 h2 50. Rc1 a3 51. Ke5 a2 52. d5 f6+ 53. Kd4 Rb1 54. Rc7+ Kd6 55. Rc6+ Kd7 0-1

[Event "PNWCC vs Vrsac Hybrid"]
[Site "Chess.com INT"]
[Date "2022.08.09"]
[Round "1"]
[White "Zaloznyy, Mike"]
[Black "Bozic, Stevan"]
[Result "1-0"]
[WhiteElo "2191"]
[BlackElo "2209"]
[PlyCount "67"]
[EventDate "2022.08.09"]
[EventType "team-match"]
[EventRounds "6"]
[EventCountry "USA"]
[SourceTitle "EXT 2024"]
[Source "ChessBase"]
[SourceDate "2023.10.10"]
[SourceVersion "1"]
[SourceVersionDate "2023.10.10"]
[SourceQuality "1"]
[WhiteTeam "PNWCC"]
[BlackTeam "Vrsac"]
[WhiteTeamCountry "USA"]
[BlackTeamCountry "SRB"]

1. d4 Nf6 2. Bf4 d6 3. Nc3 g6 4. e4 c6 5. Qd2 h6 6. 0-0-0 Bg7 7. h4 b5 8. f3 b4 9. Nce2 a5 10. g4 h5 11. gxh5 Nxh5 12. Bg5 Nd7 13. Qe1 Nf8 14. Ng3 Ne6 15. Nxh5 Rxh5 16. Be3 Nf8 17. Ne2 Qc7 18. Nf4 Rh8 19. h5 g5 20. Ne2 Bh6 21. Qd2 Nh7 22. Kb1 f5 23. exf5 Bxf5 24. Ng3 e6 25. d5 0-0-0 26. Nxf5 exf5 27. Bh3 Rhf8 28. Qd3 Kb8 29. Bxf5 Nf6 30. dxc6 Qxc6 31. Qd4 Qc7 32. Qb6+ Qxb6 33. Bxb6 Rde8 34. Rxd6 1-0